Comuni del Piemonte - Statistics

Statistiche generali
  • Questo quiz è stato fatto 103 volte
  • Il punteggio medio è 13 su 19
Statistiche sulle risposte
Popolazione Comune % Corretto
89411 Alessandria
100%
872367 Torino
100%
73899 Asti
97%
55013 Cuneo
96%
101952 Novara
91%
46308 Vercelli
90%
30332 Verbania
88%
43818 Biella
87%
55875 Moncalieri
68%
30804 Alba
60%
46875 Settimo Torinese
54%
34854 Pinerolo
53%
34812 Casale Monferrato
50%
48632 Rivoli
50%
35962 Chieri
47%
47851 NIchelino
47%
37194 Grugliasco
46%
49083 Collegno
40%
33741 Venaria Reale
37%
Nessun quiz corrispondente trovato
Distribuzione punteggi
Percentuale di utenti per punteggio
Percentile per numero di risposta
I tuoi punteggi nel tempo
Non hai fatto questo quiz